[Event "Dyfed Open"]
[Site "Fishguard"]
[Date "2019.02.22"]
[Round "1.1"]
[White "Williams, A. Howard"]
[Black "Buttell, David"]
[Result "1-0"]
[WhiteElo "2268"]
[BlackElo "1793"]
[PlyCount "115"]
[EventDate "2019.??.??"]

1. d4 Nf6 2. c4 c5 3. d5 e6 4. Nf3 exd5 5. cxd5 d6 6. Nc3 g6 7. e4 Bg7 8. Be2
O-O 9. O-O a6 10. a4 Re8 11. Nd2 Nbd7 12. f3 Rb8 13. Nc4 Ne5 14. Ne3 g5 15. Nc4
Nxc4 16. Bxc4 Nd7 17. f4 Nb6 18. Bd3 g4 19. a5 Na8 20. e5 dxe5 21. f5 h5 22.
Ne4 Qxd5 23. f6 Qd4+ 24. Kh1 Rd8 25. Ra3 Qxe4 26. Bxe4 Rxd1 27. Rxd1 Bxf6 28.
Be3 Be7 29. Rc3 Be6 30. Bxc5 Bxc5 31. Rxc5 Kg7 32. Rxe5 h4 33. Kg1 Nc7 34. Kf2
f5 35. Bxf5 Rf8 36. Rc1 Kf6 37. Re3 Kxf5 38. Rxc7 Kg6+ 39. Kg1 Bd5 40. Rc5 Bc6
41. Ree5 Rf4 42. g3 hxg3 43. hxg3 Rb4 44. Re6+ Kf7 45. Re2 Kf6 46. Kf2 Rb3 47.
Rc3 Rb5 48. Rc4 Bf3 49. Rf4+ Kg5 50. Rc2 Bc6 51. b4 Re5 52. Rc5 Rxc5 53. bxc5
Bd5 54. Ke3 Bc6 55. Kd4 Bb5 56. Ke5 Bd7 57. Rf7 Bc6 58. Rg7+ 1-0

[Event "Dyfed Open"]
[Site "Fishguard"]
[Date "2019.02.22"]
[Round "1.2"]
[White "Haigh, Tony"]
[Black "Jones, Iolo C"]
[Result "1/2-1/2"]
[WhiteElo "1793"]
[BlackElo "2205"]
[PlyCount "111"]
[EventDate "2019.??.??"]

1. d4 Nf6 2. c4 e6 3. Nc3 Bb4 4. Bg5 h6 5. Bh4 c5 6. Rc1 cxd4 7. Qxd4 Nc6 8.
Bxf6 Qxf6 9. Qxf6 gxf6 10. a3 Be7 11. Nf3 O-O 12. g3 b6 13. Bg2 Bb7 14. O-O
Rac8 15. Rfd1 d6 16. Nb5 Rfd8 17. Nfd4 Nxd4 18. Nxd4 Bxg2 19. Kxg2 f5 20. e3
Rd7 21. b3 a6 22. a4 Rdc7 23. Rc2 d5 24. Rdc1 Ba3 25. Ra1 Bd6 26. Rac1 dxc4 27.
Rxc4 Rxc4 28. Rxc4 Rxc4 29. bxc4 Kf8 30. Kf3 Ke7 31. h3 Kf6 32. Ke2 e5 33. Nb3
Ke6 34. f4 f6 35. Kf3 Bc7 36. Ke2 Bd6 37. Kf3 Bb4 38. Ke2 Kd6 39. Kf2 Kc6 40.
Ke2 h5 41. fxe5 fxe5 42. e4 fxe4 43. Ke3 Be1 44. g4 hxg4 45. hxg4 Kd6 46. Kxe4
Ke6 47. Nc1 Kf6 48. Nd3 Bc3 49. g5+ Kxg5 50. Nxe5 b5 51. cxb5 axb5 52. axb5 Kf6
53. Nc4 Ke6 54. b6 Be1 55. b7 Bg3 56. b8=Q 1/2-1/2

[Event "Dyfed Open"]
[Site "Fishguard"]
[Date "2019.02.22"]
[Round "1.3"]
[White "Zeidler, Sven P."]
[Black "Chong, Kimberly"]
[Result "1-0"]
[WhiteElo "2149"]
[BlackElo "1720"]
[PlyCount "49"]
[EventDate "2019.??.??"]

1. e4 e5 2. Nf3 Nc6 3. c3 Nf6 4. d4 exd4 5. e5 Qe7 6. cxd4 Ne4 7. Nc3 Nxc3 8.
bxc3 d5 9. Qb3 Qd8 10. Bd3 Be7 11. O-O O-O 12. Re1 Na5 13. Qc2 g6 14. Bh6 Re8
15. e6 Bf6 16. exf7+ Kxf7 17. Rxe8 Qxe8 18. Re1 Qc6 19. Qe2 Bd7 20. Ne5+ Bxe5
21. Qxe5 Qf6 22. Qxd5+ Be6 23. Qxa5 b6 24. Qb5 Re8 25. d5 1-0

[Event "Dyfed Open"]
[Site "Fishguard"]
[Date "2019.02.22"]
[Round "1.4"]
[White "Thomas, Roy"]
[Black "Heap, Gerry"]
[Result "1-0"]
[WhiteElo "1719"]
[BlackElo "2095"]
[PlyCount "43"]
[EventDate "2019.??.??"]

1. f4 g6 2. Nf3 Bg7 3. e4 c5 4. Nc3 Nc6 5. Be2 d6 6. O-O Nf6 7. d3 O-O 8. Qe1
Nd4 9. Bd1 Rb8 10. Bd2 b5 11. a3 Bg4 12. Nxd4 cxd4 13. Ne2 e5 14. c3 dxc3 15.
Bxc3 Nh5 16. f5 Qb6+ 17. Kh1 Bh6 18. Qh4 Bxe2 19. Bxe2 Qe3 20. Bxh5 gxh5 21.
Rf3 Qe2 22. Rg3+ 1-0

[Event "Dyfed Open"]
[Site "Fishguard"]
[Date "2019.02.22"]
[Round "1.5"]
[White "Waddington, Mike P"]
[Black "Greatorex, Roger"]
[Result "0-1"]
[WhiteElo "2074"]
[BlackElo "1713"]
[PlyCount "78"]
[EventDate "2019.??.??"]

1. c4 e6 2. Nc3 d5 3. e3 c6 4. Nf3 Nf6 5. b3 Be7 6. Bb2 O-O 7. Qc2 Nbd7 8. g4
Nxg4 9. Rg1 f5 10. h3 Nge5 11. Be2 Nxf3+ 12. Bxf3 Bf6 13. O-O-O dxc4 14. bxc4
Ne5 15. Be2 Bd7 16. f4 Ng6 17. d4 Qa5 18. Qa4 Qc7 19. Qb3 b5 20. cxb5 cxb5 21.
Kb1 a6 22. Rc1 Qa7 23. Ka1 Rac8 24. Bd3 Kh8 25. Ne2 Rxc1+ 26. Rxc1 Qb7 27. Ba3
Rc8 28. Rxc8+ Qxc8 29. Bc5 Qxc5 30. Qb2 Qc6 31. a4 Ne7 32. axb5 axb5 33. Nc3
Qb6 34. Nxb5 Bxb5 35. Bxb5 Qa5+ 36. Kb1 Qe1+ 37. Ka2 Qxe3 38. Bc4 h6 39. Qb8+
Kh7 0-1

[Event "Dyfed Open"]
[Site "Fishguard"]
[Date "2019.02.22"]
[Round "1.6"]
[White "Van Kemenade, Julie"]
[Black "May, Frank"]
[Result "1/2-1/2"]
[WhiteElo "1704"]
[BlackElo "2069"]
[PlyCount "30"]
[EventDate "2019.??.??"]

1. e4 e6 2. d3 d5 3. Qe2 dxe4 4. dxe4 Nc6 5. Nf3 Bc5 6. g3 Nge7 7. Bg2 O-O 8.
O-O e5 9. Nbd2 Bb6 10. h3 Ng6 11. c3 Qe7 12. Nc4 h6 13. Ne3 Bxe3 14. Bxe3 Rd8
15. Nh2 f6 1/2-1/2

[Event "Dyfed Open"]
[Site "Fishguard"]
[Date "2019.02.22"]
[Round "1.7"]
[White "Richmond, Jane"]
[Black "Philpin, Les"]
[Result "1-0"]
[WhiteElo "2066"]
[BlackElo "1702"]
[PlyCount "73"]
[EventDate "2019.??.??"]

1. e4 e6 2. d4 d5 3. Nc3 Nf6 4. Bg5 Be7 5. e5 Nfd7 6. h4 Bxg5 7. hxg5 Qxg5 8.
Qd3 f5 9. exf6 Nxf6 10. Nf3 Qf5 11. O-O-O Qxd3 12. Bxd3 Nc6 13. Nb5 Kd7 14. Rh4
a6 15. Nc3 h6 16. Ne5+ Nxe5 17. dxe5 Ne8 18. Bg6 Ke7 19. Rg4 Rg8 20. Rd3 Bd7
21. Rdg3 b5 22. Bxe8 Bxe8 23. Rxg7+ Rxg7 24. Rxg7+ Kd8 25. Ne2 Rb8 26. Rh7 h5
27. Nf4 Rb6 28. Nxh5 Bxh5 29. Rxh5 c5 30. f4 Ke8 31. Rh6 d4 32. f5 Ke7 33. g4
c4 34. Kd2 a5 35. g5 Kf7 36. g6+ Kg8 37. f6 1-0

[Event "Dyfed Open"]
[Site "Fishguard"]
[Date "2019.02.22"]
[Round "1.8"]
[White "Parri, Deio"]
[Black "Byway, Paul V"]
[Result "0-1"]
[WhiteElo "1659"]
[BlackElo "2060"]
[PlyCount "100"]
[EventDate "2019.??.??"]

1. d4 Nf6 2. c4 e6 3. Nc3 d5 4. Nf3 Be7 5. e3 O-O 6. Bd3 b6 7. O-O Bb7 8. Qc2
c5 9. cxd5 exd5 10. b3 Nbd7 11. Bb2 Rc8 12. Qe2 cxd4 13. Nxd4 Bb4 14. Rfc1 Re8
15. a3 Bd6 16. Ncb5 Bb8 17. Rxc8 Qxc8 18. Rc1 Qd8 19. Nc6 Bxc6 20. Rxc6 Ne5 21.
Bxe5 Bxe5 22. Qc2 Bb8 23. Bf5 g6 24. Bh3 Qe7 25. b4 Be5 26. g3 Kg7 27. Bg2 Rd8
28. Bf3 h5 29. h4 Qd7 30. Nd4 Ng4 31. b5 Bf6 32. a4 Ne5 33. Rc7 Nxf3+ 34. Nxf3
Qg4 35. Nh2 Qe6 36. Rc6 Qe5 37. Nf3 Qe4 38. Nd2 Qxc2 39. Rxc2 d4 40. e4 Rd7 41.
Rc4 Be7 42. Kf1 Bc5 43. f4 a6 44. e5 axb5 45. axb5 Ra7 46. Ne4 d3 47. Ke1 Be3
48. Nc3 Ra1+ 49. Nd1 Ra2 50. Rc3 Bd2+ 0-1

[Event "Dyfed Open"]
[Site "Fishguard"]
[Date "2019.02.22"]
[Round "1.9"]
[White "Young, Alan"]
[Black "Denham, Colin"]
[Result "1-0"]
[WhiteElo "2024"]
[BlackElo "1653"]
[PlyCount "57"]
[EventDate "2019.??.??"]

1. e4 e6 2. d4 d5 3. Nc3 Bb4 4. e5 Nd7 5. Qg4 Bf8 6. Nf3 h6 7. Bd2 Ne7 8. Bd3
a6 9. Be3 b5 10. a3 Bb7 11. O-O Rc8 12. a4 c6 13. Ne2 Nb6 14. b3 Nd7 15. Nf4
Qc7 16. Qh5 c5 17. Nxe6 Qc6 18. Nxf8 Rxf8 19. axb5 axb5 20. Rfe1 c4 21. Bf1 Qg6
22. Qxg6 fxg6 23. e6 Nf6 24. Ne5 g5 25. g3 Nf5 26. Bh3 Ne7 27. Ra7 Rb8 28. Rea1
Nc6 29. Rxb7 1-0

[Event "Dyfed Open"]
[Site "Fishguard"]
[Date "2019.02.22"]
[Round "1.10"]
[White "Morgans, Justin"]
[Black "Barnaby, Nicholas"]
[Result "0-1"]
[WhiteElo "1646"]
[BlackElo "1998"]
[PlyCount "70"]
[EventDate "2019.??.??"]

1. e4 e5 2. Nf3 Nc6 3. Bb5 a6 4. Ba4 Nf6 5. d3 b5 6. Bb3 Be7 7. Bg5 d6 8. h3
O-O 9. Nbd2 Na5 10. c3 Nxb3 11. Qxb3 Be6 12. Qc2 c5 13. O-O Nh5 14. Be3 h6 15.
g4 Nf6 16. Nh2 Nh7 17. f4 exf4 18. Bxf4 Bg5 19. Bg3 h5 20. Ndf3 Be3+ 21. Bf2
Bxf2+ 22. Rxf2 hxg4 23. hxg4 Ng5 24. Kg2 Nxf3 25. Rxf3 Qg5 26. Rg3 d5 27. Re1
dxe4 28. dxe4 Rad8 29. Re2 Rd7 30. Nf3 Qf4 31. Kh3 Rfd8 32. Nh2 Rd2 33. Qxd2
Rxd2 34. Rge3 Rxe2 35. Rxe2 Bxg4+ 0-1

[Event "Dyfed Open"]
[Site "Fishguard"]
[Date "2019.02.22"]
[Round "1.11"]
[White "Van Kemenade, Rudy"]
[Black "Pinch, David"]
[Result "1/2-1/2"]
[WhiteElo "1944"]
[BlackElo "1634"]
[PlyCount "92"]
[EventDate "2019.??.??"]

1. e4 e5 2. Nf3 Nc6 3. Bb5 Nge7 4. O-O g6 5. c3 Bg7 6. d4 exd4 7. cxd4 O-O 8.
d5 Ne5 9. d6 N7c6 10. Nc3 a6 11. Ba4 Nxf3+ 12. gxf3 cxd6 13. Qxd6 Be5 14. Qd2
Nd4 15. Bd1 Ne6 16. Nd5 d6 17. f4 Bg7 18. Qd3 Bd7 19. Be3 Bb5 20. Qb3 Bxf1 21.
Kxf1 b5 22. Bf3 Rc8 23. Rd1 Kh8 24. Qa3 Nc5 25. e5 Na4 26. b3 Nc3 27. Nxc3 Rxc3
28. Rxd6 Qh4 29. Kg2 Rfc8 30. Qxa6 Bh6 31. e6 R3c7 32. exf7 Rf8 33. Bd4+ Bg7
34. Bxg7+ Kxg7 35. Qxb5 Qxf4 36. Rd7 Rxd7 37. Qxd7 Rxf7 38. Qd5 Rf5 39. Qe4
Qg5+ 40. Qg4 Qd2 41. h4 Qxa2 42. Qd4+ Rf6 43. Bd5 Qe2 44. Kg3 Qe7 45. Bc4 Qd6+
46. Qxd6 Rxd6 1/2-1/2

[Event "Dyfed Open"]
[Site "Fishguard"]
[Date "2019.02.22"]
[Round "1.12"]
[White "Hurn, Robert Aj"]
[Black "Waterfield, John W"]
[Result "1/2-1/2"]
[WhiteElo "1632"]
[BlackElo "1935"]
[PlyCount "61"]
[EventDate "2019.??.??"]

1. d4 Nf6 2. c4 c5 3. d5 b5 4. Nf3 Bb7 5. Nc3 b4 6. Nb1 e6 7. dxe6 fxe6 8. Bg5
Be7 9. e3 O-O 10. Be2 d5 11. O-O Nbd7 12. Nbd2 h6 13. Bh4 Nh5 14. Bxe7 Qxe7 15.
Qc2 Qf7 16. Rad1 Nhf6 17. cxd5 exd5 18. Nh4 Rac8 19. Nf5 Ne4 20. g4 Nxd2 21.
Rxd2 Qe6 22. Bf3 Ne5 23. Qd1 Nxf3+ 24. Qxf3 Rc7 25. Qg3 Rd7 26. Rfd1 h5 27. h3
Kh7 28. b3 g6 29. Nh4 Bc6 30. Nf3 Kh6 31. Ne5 1/2-1/2

[Event "Dyfed Open"]
[Site "Fishguard"]
[Date "2019.02.22"]
[Round "1.13"]
[White "Bevan, Peter M"]
[Black "Roberts, Malcolm A"]
[Result "1-0"]
[WhiteElo "1907"]
[BlackElo "1630"]
[PlyCount "93"]
[EventDate "2019.??.??"]

1. Nf3 d5 2. g3 Nf6 3. Bg2 Nc6 4. d4 Bf5 5. c3 h6 6. O-O e6 7. Qa4 Qd7 8. b4
Bd6 9. b5 Ne7 10. c4 dxc4 11. Ne5 Bxe5 12. dxe5 Nfd5 13. Qxc4 O-O 14. Rd1 Qc8
15. Ba3 Rd8 16. Qb3 Bxb1 17. Raxb1 Rd7 18. Bxe7 Nxe7 19. Rxd7 Qxd7 20. Bxb7 Rd8
21. e3 Nd5 22. Rd1 Qe7 23. Bxd5 exd5 24. Rxd5 g6 25. Rxd8+ Qxd8 26. a4 Qd7 27.
Qc4 Qd1+ 28. Kg2 Qa1 29. Qd4 Qa2 30. e4 Qc2 31. a5 Kh7 32. Qd5 Kg7 33. a6 g5
34. Qc6 Qe2 35. e6 fxe6 36. Qxc7+ Kg6 37. Qc6 Kf6 38. Qb7 g4 39. h4 Qf3+ 40.
Kg1 Qd1+ 41. Kh2 Qf1 42. Qxa7 Qxb5 43. Qd4+ e5 44. Qd6+ Kg7 45. a7 Qe2 46.
Qxe5+ Kh7 47. Qf5+ 1-0

[Event "Dyfed Open"]
[Site "Fishguard"]
[Date "2019.02.22"]
[Round "1.14"]
[White "Leah, Howard"]
[Black "Bourne, Johnathan D"]
[Result "0-1"]
[WhiteElo "1613"]
[BlackElo "1907"]
[PlyCount "80"]
[EventDate "2019.??.??"]

1. e4 e5 2. Nf3 Nc6 3. Bb5 a6 4. Ba4 Nf6 5. d3 b5 6. Bb3 Be7 7. c3 O-O 8. O-O
d5 9. exd5 Nxd5 10. h3 Bb7 11. Re1 Bf6 12. Nbd2 Nf4 13. Ne4 Ng6 14. Nxf6+ Qxf6
15. Bg5 Qd6 16. Qe2 h6 17. Be3 Rad8 18. Rad1 Kh8 19. Bc2 f5 20. b4 Qf6 21. Bc5
Rfe8 22. Rd2 Nf4 23. Qf1 Nd5 24. c4 Ndxb4 25. Bb3 e4 26. dxe4 fxe4 27. Rxd8
Qxd8 28. Rd1 Nd3 29. Ne1 Nce5 30. cxb5 axb5 31. Bc2 Qg5 32. Be3 Qg6 33. Nxd3
exd3 34. Bxd3 Nxd3 35. Rxd3 Bxg2 36. Qxg2 Qxd3 37. Qc6 Rxe3 38. fxe3 Qxe3+ 39.
Kg2 Qg5+ 40. Kf1 Qf6+ 0-1

[Event "Dyfed Open"]
[Site "Fishguard"]
[Date "2019.02.22"]
[Round "1.15"]
[White "May, Adam J"]
[Black "Andrews, Norman G"]
[Result "1/2-1/2"]
[WhiteElo "1906"]
[BlackElo "1605"]
[PlyCount "87"]
[EventDate "2019.??.??"]

1. c4 c5 2. g3 Nf6 3. Bg2 e6 4. Nf3 d5 5. O-O Be7 6. b3 O-O 7. Bb2 Nc6 8. e3
Qc7 9. Nc3 Rd8 10. cxd5 exd5 11. d4 cxd4 12. Nxd4 Nxd4 13. exd4 Bg4 14. Qd3 Qd7
15. Rfe1 Bb4 16. Re5 Bxc3 17. Bxc3 Re8 18. Rae1 Rxe5 19. dxe5 Ne8 20. Qxd5 Qxd5
21. Bxd5 Rc8 22. Bb4 b6 23. Be4 g6 24. Kg2 Ng7 25. h3 Be6 26. Rd1 Nf5 27. g4
Nh4+ 28. Kg3 g5 29. Be7 h6 30. Bf6 Ng6 31. Bf5 Nf4 32. Rd2 Rc3+ 33. f3 Bd5 34.
Be4 Bxe4 35. Rd8+ Kh7 36. Rh8+ Kg6 37. Rg8+ Kh7 38. Rg7+ Kh8 39. Rxg5+ Kh7 40.
Rg7+ Kh8 41. Kxf4 Bd5 42. Rg6+ Kh7 43. Rg7+ Kh8 44. Rg6+ 1/2-1/2

[Event "Dyfed Open"]
[Site "Fishguard"]
[Date "2019.02.22"]
[Round "1.16"]
[White "Horrell, Stephen A"]
[Black "Pearson, Raymond"]
[Result "1-0"]
[WhiteElo "1592"]
[BlackElo "1890"]
[PlyCount "61"]
[EventDate "2019.??.??"]

1. e4 c5 2. Nc3 Nc6 3. f4 g6 4. Nf3 Bg7 5. Bb5 Nd4 6. O-O Nxb5 7. Nxb5 d5 8. d3
a6 9. Nc3 d4 10. Ne2 e6 11. Qe1 Ne7 12. Qh4 Nc6 13. Qe1 O-O 14. Ng3 b5 15. f5
exf5 16. exf5 Qd5 17. Nh4 Bb7 18. f6 Bh8 19. Ne4 Nb4 20. Nf5 Rfe8 21. Qd2 Nc6
22. Nfd6 Reb8 23. Qh6 Qh5 24. Qxh5 gxh5 25. Rf5 h6 26. Rxh5 Nd8 27. Bxh6 Ne6
28. Rf1 Bxe4 29. Nxe4 Kh7 30. Bg7+ Kg6 31. Rh6# 1-0

[Event "Dyfed Open"]
[Site "Fishguard"]
[Date "2019.02.22"]
[Round "1.17"]
[White "Taylor, Robert Graham"]
[Black "Watkins, Peter"]
[Result "1-0"]
[WhiteElo "1809"]
[BlackElo "1581"]
[PlyCount "69"]
[EventDate "2019.??.??"]

1. Nf3 Nf6 2. c4 e6 3. g3 Be7 4. Bg2 O-O 5. O-O d5 6. b3 Nbd7 7. Bb2 c6 8. d3
Qc7 9. Nbd2 Re8 10. Qc2 Bd6 11. d4 Nf8 12. e4 dxe4 13. Nxe4 Nxe4 14. Qxe4 Nd7
15. Ne5 Nf6 16. Qe2 Bd7 17. h3 Rac8 18. g4 h6 19. f4 c5 20. g5 hxg5 21. fxg5
Bxe5 22. dxe5 Nh7 23. h4 Bc6 24. Bh3 Qe7 25. Rf2 Nf8 26. Raf1 Rc7 27. Qg4 Ng6
28. h5 Nh8 29. g6 Rf8 30. gxf7+ Nxf7 31. Qxe6 Qg5+ 32. Qg4 Qe3 33. Bc1 Qe4 34.
Qxe4 Bxe4 35. e6 1-0

[Event "Dyfed Open"]
[Site "Fishguard"]
[Date "2019.02.23"]
[Round "2.1"]
[White "Bevan, Peter M"]
[Black "Williams, A. Howard"]
[Result "1/2-1/2"]
[WhiteElo "1907"]
[BlackElo "2268"]
[PlyCount "78"]
[EventDate "2019.??.??"]

1. Nf3 c5 2. c4 Nf6 3. Nc3 b6 4. g3 Bb7 5. Bg2 e6 6. O-O Be7 7. d4 cxd4 8. Nxd4
Bxg2 9. Kxg2 Qc8 10. b3 Qb7+ 11. Kg1 a6 12. Bb2 O-O 13. Qd3 d6 14. Qf3 Qxf3 15.
Nxf3 Nbd7 16. Rfd1 Rfc8 17. Nd4 g6 18. e4 Rab8 19. f3 h5 20. Rac1 Kf8 21. Kg2
g5 22. Rc2 b5 23. cxb5 axb5 24. b4 Ne5 25. Re2 g4 26. f4 Nc4 27. Ba1 Na3 28. f5
e5 29. Nb3 Rc7 30. Nd5 Nxd5 31. Rxd5 Nc2 32. f6 Bxf6 33. Rxd6 Ke7 34. Rd5 Nxb4
35. Rxe5+ Bxe5 36. Bxe5 Rbc8 37. Bxc7 Rxc7 38. Nd4 Ra7 39. Nxb5 Rxa2 1/2-1/2

[Event "Dyfed Open"]
[Site "Fishguard"]
[Date "2019.02.23"]
[Round "2.2"]
[White "Bourne, Johnathan D"]
[Black "Zeidler, Sven P."]
[Result "0-1"]
[WhiteElo "1907"]
[BlackElo "2149"]
[PlyCount "32"]
[EventDate "2019.??.??"]

1. e4 Nc6 2. Bc4 Nf6 3. Nc3 e6 4. Qe2 d5 5. exd5 Nd4 6. Qd3 e5 7. Bb5+ c6 8.
dxc6 bxc6 9. Ba4 Bf5 10. Qc4 Bd6 11. Nge2 O-O 12. Nxd4 exd4 13. Qxd4 Re8+ 14.
Kd1 Ng4 15. Re1 Rxe1+ 16. Kxe1 Qe7+ 0-1

[Event "Dyfed Open"]
[Site "Fishguard"]
[Date "2019.02.23"]
[Round "2.3"]
[White "Greatorex, Roger"]
[Black "Richmond, Jane"]
[Result "0-1"]
[WhiteElo "1713"]
[BlackElo "2066"]
[PlyCount "44"]
[EventDate "2019.??.??"]

1. Nf3 Nf6 2. b4 a5 3. b5 c6 4. c4 d5 5. bxc6 bxc6 6. e3 e6 7. Ba3 Bxa3 8. Nxa3
O-O 9. c5 Nbd7 10. Qc2 e5 11. Be2 Qe7 12. Rc1 e4 13. Nd4 Ne5 14. f4 exf3 15.
gxf3 Nh5 16. h4 Ng3 17. Rh2 Qf6 18. f4 Ng6 19. Bd3 Nxf4 20. Bxh7+ Kh8 21. Bd3
Nxd3+ 22. Qxd3 Ba6 0-1

[Event "Dyfed Open"]
[Site "Fishguard"]
[Date "2019.02.23"]
[Round "2.4"]
[White "Byway, Paul V"]
[Black "Taylor, Robert Graham"]
[Result "0-1"]
[WhiteElo "2060"]
[BlackElo "1809"]
[PlyCount "140"]
[EventDate "2019.??.??"]

1. Nf3 Nf6 2. c4 b6 3. d4 e6 4. e3 Bb7 5. Bd3 Bb4+ 6. Nbd2 Ne4 7. O-O f5 8. a3
Be7 9. b4 O-O 10. Bb2 d6 11. Qc2 Nxd2 12. Nxd2 Qe8 13. f4 Qh5 14. Nf3 Nd7 15.
d5 Nf6 16. h3 exd5 17. Bxf5 dxc4 18. Qxc4+ Kh8 19. Bd3 c5 20. bxc5 bxc5 21. Qe6
Qe8 22. Ng5 Bc8 23. Qb3 Bd7 24. Qc2 Qh5 25. e4 h6 26. Nf3 c4 27. Qxc4 Rac8 28.
Qb4 Rb8 29. Qd2 Bc6 30. Bd4 Nxe4 31. Qc2 Nc5 32. Bg6 Qd5 33. Rad1 Qb3 34. Qe2
Bf6 35. Bxf6 Rxf6 36. Bc2 Qb6 37. Kh2 Bb5 38. Qe3 Bxf1 39. Rxf1 Re6 40. Qd4
Rbe8 41. f5 Re2 42. Bd1 R2e4 43. Qd5 Nd7 44. Bc2 Nf6 45. Qf7 R4e7 46. Qc4 d5
47. Qa4 Qd6+ 48. Kh1 Nh5 49. Rd1 Ng3+ 50. Kg1 Rc8 51. Bd3 Nh5 52. Qg4 Nf6 53.
Qd4 Qc5 54. g4 Qxd4+ 55. Nxd4 Rc3 56. a4 Re3 57. Bf1 Ra3 58. Nc2 Rg3+ 59. Bg2
Ra2 60. Ne1 Rxa4 61. Rd2 Rga3 62. Rb2 Ra1 63. Kf2 R1a2 64. Rxa2 Rxa2+ 65. Ke3
a5 66. Kd4 a4 67. Bf3 a3 68. Nd3 Rd2 69. Kc3 Rxd3+ 70. Kxd3 a2 0-1

[Event "Dyfed Open"]
[Site "Fishguard"]
[Date "2019.02.23"]
[Round "2.5"]
[White "Jones, Dewi"]
[Black "Young, Alan"]
[Result "0-1"]
[WhiteElo "1504"]
[BlackElo "2024"]
[PlyCount "78"]
[EventDate "2019.??.??"]

1. Nf3 d5 2. g3 Nf6 3. Bg2 Bg4 4. h3 Bf5 5. g4 Bg6 6. Nh4 Be4 7. f3 g5 8. fxe4
gxh4 9. e5 Ne4 10. Bxe4 dxe4 11. d4 exd3 12. exd3 Qd5 13. O-O Nc6 14. Bf4 Bg7
15. d4 Qxd4+ 16. Qxd4 Nxd4 17. Rf2 Ne6 18. Nc3 Nxf4 19. Rxf4 Bxe5 20. Rf3 Bxc3
21. Rxc3 O-O-O 22. Rd3 Rxd3 23. cxd3 Rd8 24. Re1 e6 25. Re3 Rd5 26. Rf3 f5 27.
gxf5 Rxf5 28. Kf2 Kd7 29. Ke3 Rxf3+ 30. Kxf3 Kd6 31. Kg4 Kd5 32. Kxh4 Kd4 33.
Kg5 Kxd3 34. Kf6 c5 35. Kxe6 Kc2 36. Kd5 b6 37. b4 cxb4 38. Kc4 a5 39. h4 Kb2
0-1

[Event "Dyfed Open"]
[Site "Fishguard"]
[Date "2019.02.23"]
[Round "2.6"]
[White "Barnaby, Nicholas"]
[Black "Thomas, Roy"]
[Result "0-1"]
[WhiteElo "1998"]
[BlackElo "1719"]
[PlyCount "114"]
[EventDate "2019.??.??"]

1. d4 f5 2. e4 fxe4 3. Nc3 Nf6 4. Bg5 c6 5. Bxf6 exf6 6. Nxe4 d5 7. Ng3 Bd6 8.
Bd3 O-O 9. N1e2 a5 10. O-O Na6 11. c3 f5 12. f4 b6 13. Qd2 Nc7 14. Rae1 g6 15.
Kh1 Ne8 16. Ng1 Nf6 17. Nf3 Ne4 18. Bxe4 fxe4 19. Ne5 Bxe5 20. fxe5 Ba6 21.
Rxf8+ Qxf8 22. Kg1 Qf7 23. Qf2 Qe7 24. Qe3 Rf8 25. Ne2 Qf7 26. h3 Qf5 27. a4
Kg7 28. b4 Bc4 29. bxa5 bxa5 30. Rb1 Qd7 31. Rf1 Rxf1+ 32. Kxf1 Bb3 33. Kg1
Bxa4 34. Qg5 Bb5 35. Qf6+ Kg8 36. e6 Qe8 37. Nf4 Qf8 38. e7 Qxf6 39. e8=Q+ Qf8
40. Qe6+ Qf7 41. Qc8+ Kg7 42. Ne6+ Kh6 43. Nd8 Qf1+ 44. Kh2 Qf4+ 45. Kg1 e3 46.
Qe6 e2 47. Nf7+ Qxf7 48. Qxf7 e1=Q+ 49. Kh2 Qf1 50. Qe7 a4 51. Qe3+ Kg7 52.
Qe7+ Qf7 53. Qe5+ Qf6 54. Qc7+ Kh6 55. g4 a3 56. Qg3 g5 57. h4 Qf4 0-1

[Event "Dyfed Open"]
[Site "Fishguard"]
[Date "2019.02.23"]
[Round "2.7"]
[White "Jones, Iolo C"]
[Black "Horrell, Stephen A"]
[Result "1-0"]
[WhiteElo "2205"]
[BlackElo "1592"]
[PlyCount "137"]
[EventDate "2019.??.??"]

1. c4 Nf6 2. g3 d5 3. cxd5 Nxd5 4. Bg2 c6 5. Nf3 Bf5 6. d3 Bg6 7. Nc3 e6 8. O-O
h6 9. Qb3 Qb6 10. Nxd5 exd5 11. Qc2 Nd7 12. Bh3 Qd8 13. Qc3 Nf6 14. Nh4 Bh7 15.
Nf5 Bxf5 16. Bxf5 d4 17. Qb3 Qb6 18. Qxb6 axb6 19. Bd2 g6 20. Bh3 Bg7 21. Rfc1
O-O 22. Bg2 Rad8 23. a4 Rfe8 24. Kf1 Rd7 25. a5 Rde7 26. Bf3 bxa5 27. Rxa5 Nd7
28. Bb4 Re6 29. Ra7 Ne5 30. Rxb7 Nxf3 31. exf3 Bf8 32. Bd2 c5 33. Re1 Rxe1+ 34.
Bxe1 Rc8 35. b3 Kg7 36. Rb5 Kf6 37. Rb6+ Ke7 38. h4 Kd7 39. Bd2 h5 40. Bf4 Be7
41. Ke2 Ra8 42. Bg5 Bxg5 43. hxg5 Ra2+ 44. Kf1 Ra1+ 45. Kg2 Rd1 46. Rb7+ Ke6
47. Rb6+ Ke7 48. b4 cxb4 49. Rxb4 Rxd3 50. f4 Rc3 51. Rxd4 Rc7 52. Rd5 Ke6 53.
Re5+ Kd6 54. Ra5 Ke6 55. Ra6+ Ke7 56. Rf6 Rc5 57. Ra6 Rc7 58. Ra5 Ke6 59. Re5+
Kd6 60. Re2 Rc3 61. Re5 Rc7 62. Ra5 Ke6 63. Ra6+ Ke7 64. f5 Rc5 65. fxg6 Rxg5
66. Ra7+ Kf8 67. Rxf7+ Kg8 68. Rh7 Rxg6 69. Rxh5 1-0

[Event "Dyfed Open"]
[Site "Fishguard"]
[Date "2019.02.23"]
[Round "2.8"]
[White "May, Frank"]
[Black "Miller, John S"]
[Result "1/2-1/2"]
[WhiteElo "2067"]
[BlackElo "1686"]
[PlyCount "50"]
[EventDate "2019.??.??"]

1. d4 Nf6 2. c4 g6 3. Nc3 Bg7 4. e4 d6 5. Nge2 O-O 6. Ng3 Nc6 7. d5 Ne5 8. Be2
c5 9. O-O a6 10. f4 Ned7 11. Be3 Qc7 12. Qd2 Rb8 13. a4 b6 14. Rad1 Rd8 15. e5
dxe5 16. f5 Nf8 17. Bh6 e6 18. Bxg7 Kxg7 19. fxe6 Nxe6 20. Rxf6 Kxf6 21. Nce4+
Kg7 22. Bg4 Nd4 23. Bxc8 Qxc8 24. Qg5 f5 25. Qe7+ Kh6 1/2-1/2

[Event "Dyfed Open"]
[Site "Fishguard"]
[Date "2019.02.23"]
[Round "2.9"]
[White "Andrews, Norman G"]
[Black "Van Kemenade, Rudy"]
[Result "0-1"]
[WhiteElo "1605"]
[BlackElo "1944"]
[PlyCount "46"]
[EventDate "2019.??.??"]

1. Nf3 d6 2. d4 f5 3. g3 Nf6 4. Bg2 g6 5. Bg5 Bg7 6. Bxf6 Bxf6 7. c3 O-O 8.
Nbd2 e5 9. dxe5 dxe5 10. Nb3 Qe7 11. Qc2 e4 12. Ng1 Nc6 13. O-O-O a5 14. h4 a4
15. Nd2 Be6 16. Kb1 Qf7 17. a3 Na5 18. Qc1 Rfd8 19. Nh3 Ba2+ 20. Ka1 Rxd2 21.
Qxd2 Nb3+ 22. Kxa2 Nxd2+ 23. Ka1 Nc4 0-1

[Event "Dyfed Open"]
[Site "Fishguard"]
[Date "2019.02.23"]
[Round "2.10"]
[White "Waterfield, John W"]
[Black "Orton, Paul"]
[Result "1-0"]
[WhiteElo "1935"]
[BlackElo "1596"]
[PlyCount "53"]
[EventDate "2019.??.??"]

1. e4 c5 2. c3 Nc6 3. d4 cxd4 4. cxd4 d6 5. Nc3 Nf6 6. h3 a6 7. Nf3 e6 8. Bd3
Be7 9. O-O O-O 10. Re1 Qc7 11. Bg5 b5 12. Rc1 Qd7 13. Nxb5 Bb7 14. Nc3 Rfe8 15.
e5 Nd5 16. Bxe7 Ncxe7 17. Ne4 dxe5 18. Nxe5 Qd8 19. Nxf7 Qd7 20. Ne5 Qd8 21.
Nf7 Qd7 22. Nfd6 Rf8 23. Nxb7 Qxb7 24. b3 Nf4 25. Bf1 Rad8 26. g3 Nfg6 27. Nc5
1-0

[Event "Dyfed Open"]
[Site "Fishguard"]
[Date "2019.02.23"]
[Round "2.11"]
[White "Pinch, David"]
[Black "May, Adam J"]
[Result "1/2-1/2"]
[WhiteElo "1634"]
[BlackElo "1906"]
[PlyCount "83"]
[EventDate "2019.??.??"]

1. d4 d5 2. Bf4 Nf6 3. e3 e6 4. Nf3 Bd6 5. Bg3 O-O 6. Bd3 b6 7. Nbd2 Ba6 8. Qe2
Bxd3 9. Qxd3 c5 10. c3 Nc6 11. O-O Rc8 12. Rfe1 cxd4 13. exd4 Bxg3 14. hxg3 Qc7
15. Ne5 Na5 16. g4 Nc4 17. Ndxc4 dxc4 18. Qe2 Nd5 19. g3 b5 20. a3 a5 21. Rac1
Qb7 22. f4 Rfe8 23. g5 f6 24. gxf6 gxf6 25. Ng4 Qg7 26. Kf2 Kh8 27. Ne3 Rg8 28.
Rg1 Nxe3 29. Qxe3 Qg4 30. Rce1 Rce8 31. Qe4 Qg6 32. Qc6 Qf5 33. Re3 Qd5 34.
Qxd5 exd5 35. Rge1 Rb8 36. Re6 b4 37. axb4 axb4 38. Rxf6 bxc3 39. bxc3 Rb2+ 40.
Re2 Rxe2+ 41. Kxe2 Rxg3 42. Kd2 1/2-1/2